000 00301 a2200145 4500
001 168580
020 _a
040 _cMagnum
100 _aLima, Lauro de Oliveira
240 1 0 _aO impasse na educacao
_lpor
245 1 0 _aO impasse na educacao
362 0 _a1899
697 _aENSINO
942 _cBK
999 _c168580
_d168580